How to commit marriage / Columbia ; produced by ... Read More
Available copies
- 1 of 1 copy available at LARL/NWRL Consortium.
- 1 of 1 copy available at Northwest Regional Library. (Show preferred library)
Current holds
0 current holds with 1 total copy.
Show All Copies
| Location | Call Number / Copy Notes | Barcode | Shelving Location | Status | Due Date |
|---|---|---|---|---|---|
| Red Lake Falls Public Library | DVD HOW (Text) | 35500005549850 | Main | Available | - |
Record details
- Physical Description: 1 videodisc (ca. 104 min.) : sd., col. ; 4 3/4 in.
- Publisher: Newbury Park, CA : Brentwood Home Video, c2000.
Content descriptions
| General Note: | Originally released as a motion picture in 1969. Special features: Bob Hope biogrpahy/filmography. |
| Creation/Production Credits Note: | Director of photography, Charles Lang ; film ... Read More |
| Participant or Performer Note: | Bob Hope, Jackie Gleason, Jane Wyman, Leslie ... Read More |
| Summary, etc.: | The Bensons' daughter wants to get married, but ... Read More |
| System Details Note: | DVD ; Dolby digital System requirements: DVD-ROM drive, Windows 95 ... Read More |
Search for related items by subject
| Subject: | Marriage > Drama. Feature films. Comedy films. DVDs. |
Search for related items by series
| LDR | 02131ngm a2200469Ka 4500 | ||
|---|---|---|---|
| 001 | 211406 | ||
| 003 | LARL_NWRL_CONSORTIUM | ||
| 005 | 20160627211009.0 | ||
| 007 | vd cgaiz- | ||
| 008 | 020731r20001969cau104 vleng d | ||
| 024 | 1 | . | ‡a090096098791 |
| 024 | 1 | . | ‡a084296402175 |
| 028 | 4 | 2. | ‡a60987-9 ‡bBrentwood Home Video |
| 028 | 4 | 0. | ‡a40217 ‡bSterling Entertainment/Brentwood Communications |
| 035 | . | ‡a(OCoLC)50276370 | |
| 092 | . | ‡a791.437 ‡bH8474 | |
| 099 | . | ‡aCOM | |
| 245 | 0 | 0. | ‡aHow to commit marriage / ‡cColumbia ; produced by Bill Lawrence ; directed by Norman Panama ; written by Ben Starr and Michael Kanin. |
| 260 | . | ‡aNewbury Park, CA : ‡bBrentwood Home Video, ‡cc2000. | |
| 300 | . | ‡a1 videodisc (ca. 104 min.) : ‡bsd., col. ; ‡c4 3/4 in. | |
| 490 | 0 | . | ‡aBob Hope film collection |
| 538 | . | ‡aDVD ; Dolby digital | |
| 538 | . | ‡aSystem requirements: DVD-ROM drive, Windows 95 only, 133 Mhz Pentium, 16 MB RAM, 5 MB hard drive, SVGA graphics, enhanced IDE connector, PCI slot MPEG2, Sound Blaster 16 or compatible, mouse. | |
| 500 | . | ‡aOriginally released as a motion picture in 1969. | |
| 511 | 1 | . | ‡aBob Hope, Jackie Gleason, Jane Wyman, Leslie Nielson, Maureen Arthur, Tina Louise, Tim Matthieson, Paul Stewart. |
| 508 | . | ‡aDirector of photography, Charles Lang ; film editor, Ronald Sinclair ; music composed and conducted by Joseph J. Lilley ; executive producer, Bob Hope. | |
| 520 | . | ‡aThe Bensons' daughter wants to get married, but they are getting a divorce. The father of the groom brings the impending nuptials to a halt in order to sign them up for a new rock-n-roll band. | |
| 500 | . | ‡aSpecial features: Bob Hope biogrpahy/filmography. | |
| 650 | 0. | ‡aMarriage ‡vDrama. ‡0(LARL_NWRL_CONSORTIUM)166038 | |
| 650 | 0. | ‡aFeature films. ‡0(LARL_NWRL_CONSORTIUM)20059 | |
| 650 | 0. | ‡aComedy films. ‡0(LARL_NWRL_CONSORTIUM)178857 | |
| 650 | 0. | ‡aDVDs. ‡0(LARL_NWRL_CONSORTIUM)41422 | |
| 700 | 1 | . | ‡aLawrence, Bill. |
| 700 | 1 | . | ‡aPanama, Norman. ‡0(LARL_NWRL_CONSORTIUM)63138 |
| 700 | 1 | . | ‡aStarr, Ben. |
| 700 | 1 | . | ‡aKanin, Michael, ‡d1910-1993. ‡0(LARL_NWRL_CONSORTIUM)182742 |
| 700 | 1 | . | ‡aHope, Bob, ‡d1903-2003. ‡0(LARL_NWRL_CONSORTIUM)700 |
| 700 | 1 | . | ‡aGleason, Jackie, ‡d1916-1987. ‡0(LARL_NWRL_CONSORTIUM)6934 |
| 700 | 1 | . | ‡aWyman, Jane, ‡d1917-2007. ‡0(LARL_NWRL_CONSORTIUM)80374 |
| 901 | . | ‡a211406 ‡b ‡c211406 ‡tbiblio | |

Add to basket
Permalink
Disable Highlighting